00556 2200193 4500001002100000005001500021008004100036020001900077035001900096041000700115082001000122090001600132100002000148245012100168260002500289300002200314500001000336650001600346INLIS00000000000177320241224112419241224||||||||| | ||| |||| || |  a978-602-8-50-2 0010-1224001773 aid0 a372.2 a372.2 UYU p0 aH. Uyu Wahyudin00aPenilaian Perkembangan Anak Usia Dini: Panduan Untuk Guru, Tutor, Fasiliator Dan Pengelola Pendidikan Anak Usia Dini bRefika Aditamac2012 aix,94 hlm.;22 cm. aCet.2 0aIlmu Sosial